Verrico v Tomlinson and Findlay (Record no. 81495)

MARC details
000 -LEADER
fixed length control field 01141cad a22001935a 4500
001 - CONTROL NUMBER
control field E147346
008 - FIXED-LENGTH DATA ELEMENTS--GENERAL INFORMATION
fixed length control field 090501e20080513xxk 000 0 eng d
035 ## - SYSTEM CONTROL NUMBER
System control number (Sirsi) u147346
041 0# - LANGUAGE CODE
Language code of text/sound track or separate title eng
245 00 - TITLE STATEMENT
Title Verrico v Tomlinson and Findlay
Remainder of title opinion
Medium [electronic resource]
260 ## - PUBLICATION, DISTRIBUTION, ETC.
Date of publication, distribution, etc. 2008
520 ## - SUMMARY, ETC.
Summary, etc. LTS/TC/2007/37 13 May 2008. Concerned an application by the owner of a ground floor and basement flat, forming part of a villa, to discharge a title restriction allowing occupation of that flat by one family only. The applicant wished to sell the mews cottage which formed part of the ground floor accommodation. Two other flat-owners within the building opposed the application. "Held": application granted, with the condition that the mews cottage be occupied by one family only.
650 24 - SUBJECT ADDED ENTRY--TOPICAL TERM
Topical term or geographic name entry element VERRICO V TOMLINSON AND FINDLAY
650 24 - SUBJECT ADDED ENTRY--TOPICAL TERM
Topical term or geographic name entry element TITLE CONDITIONS (SCOTLAND) ACT 2003
651 #4 - SUBJECT ADDED ENTRY--GEOGRAPHIC NAME
Geographic name Scotland
Chronological subdivision 1999-
690 ## - LOCAL SUBJECT ADDED ENTRY--TOPICAL TERM (OCLC, RLIN)
Topical term or geographic name as entry element Planning and development
9 (RLIN) 6259
856 40 - ELECTRONIC LOCATION AND ACCESS
Uniform Resource Identifier <a href="https://www.lands-tribunal-scotland.org.uk/decisions/LTS.TC.2007.37.html">https://www.lands-tribunal-scotland.org.uk/decisions/LTS.TC.2007.37.html</a>
Public note View the decision free of charge at www.lands-tribunal-scotland.org.uk...
942 ## - ADDED ENTRY ELEMENTS (KOHA)
Suppress in OPAC 0
Holdings
Withdrawn status Lost status Source of classification or shelving scheme Damaged status Not for loan Home library Current library Shelving location Date acquired Total Checkouts Full call number Barcode Date last seen Copy number Price effective from Koha item type
    Dewey Decimal Classification     Virtual Virtual Online 01/05/2009   ONLINE PUBLICATION 147346-2001 06/08/2019 1 06/08/2019 Law report